000 00739nam a2200205Ia 4500
003 GCL
008 140319s9999 xx 000 0 ara d
020 _a016090977
040 _aGCL /
_cGCL
082 0 4 _a344.09
_bم ح
100 1 _aمحمد سامح عمرو
245 1 0 _aالحماية الدولية للممتلكات الثقافية فى فترات النزاع المسلح /
_cمحمد سامح عمرو
250 _aالاولى
260 _aالقاهرة :
_bالمركز الاصيل للنشر والتوزيع ،
_c2002
300 _a274 ص ؛
_c24 سم
650 0 4 _aحماية البيئة
650 0 4 _aالقانون الدولى
650 0 4 _aالثقافة - قوانين وتشريعات
942 _2ddc
_cBK
999 _c5934
_d5934